000 00647cam a22002294a 4500
001 12822872
005 20180314081104.0
008 020618s2002 ilua 001 0 eng
010 _a 2001131566
020 _a0618072268
040 _aDLC
_cDLC
_dDLC
041 _aeng
042 _apcc
080 _a540 ZUM
082 0 0 _a540 ZUM
_221
100 1 _a11
101 _aKIM
245 1 0 _aWorld of chemistry /
_cSteven S. Zumdahl, Susan L. Zumdahl, Donald J. DeCoste.
906 _a7
_bcbc
_corignew
_d3
_encip
_f20
_gy-gencatlg
942 _2ddc
_cBK
999 _c45004
_d45004